000 02969cam a2200409 i 4500
001 data
005 20260322212108.0
008 data
035 _a17072468
906 _a7
_bcbc
_corignew
_d1
_eecip
_f20
_gy-gencatlg
925 0 _aacquire
_b1 shelf copy
_xpolicy default
955 _dxg09 2011-12-06 to Dewey
_wrd01 2011-12-06
_frg23 2012-07-27 to BCCD
_txg13 2012-08-17 copy 2 to LL
010 _a 2011049203
020 _a9780521113656
_qhardback
020 _a9780521130608
_qpaperback
040 _aDLC
_beng
_cDLC
_erda
_dDLC
042 _apcc
050 0 0 _aK720
_b.A44 2012
082 0 0 _a346.04
_223
084 _aLAW074000
_2bisacsh
100 1 _aAlexander, Gregory S.,
_d1948-
245 1 0 _aAn Introduction to property theory /
_cGregory S. Alexander, Cornell University, School of Law; Eduardo M. Peñalver, Cornell University, School of law.
260 _aCambridge :
_bCambridge University Press,
_c2012.
300 _axii, 234 pages ;
_c24 cm.
336 _atext
_2rdacontent
337 _aunmediated
_2rdamedia
338 _avolume
_2rdacarrier
490 0 _aCambridge introductions to philosophy and law
504 _aIncludes bibliographical references (pages 215-226) and index.
505 8 _aMachine generated contents note: 1. Utilitarian property theories; 2. Locke and libertarian theories of property; 3. Hegelian property theory; 4. Kantian property theory; 5. Property and Human Flourishing; 6. Government redistribution of resources; 7. The right to exclude and its limits; 8. Eminent domain and regulatory takings; 9. Intellectual property.
520 _a"This book surveys the leading modern theories of property - Lockean, libertarian, utilitarian/law-and-economics, personhood, Kantian and human flourishing - and then applies those theories to concrete contexts in which property issues have been especially controversial. These include redistribution, the right to exclude, regulatory takings, eminent domain and intellectual property. The book highlights the Aristotelian human flourishing theory of property, providing the most comprehensive and accessible introduction to that theory to date. The book's goal is neither to cover every conceivable theory nor to discuss every possible facet of the theories covered. Instead, it aims to make the major property theories comprehensible to beginners, without sacrificing accuracy or sophistication. The book will be of particular interest to students seeking an accessible introduction to contemporary theories of property, but even specialists will benefit from the book's lucid descriptions of contemporary debates"--
_cProvided by publisher.
650 0 _aProperty.
650 0 _aProperty
_xPhilosophy.
650 0 _aRight of property.
650 7 _aLAW / Property.
_2bisacsh
700 1 _aPeñalver, Eduardo Moisés,
_d1973-
999 _c1592
_d1592